000 01404cam a2200289 a 4500
001 16267207
003 PILC
005 20160128144040.0
008 100604s2011 nju b 001 0 eng
010 _a 2010023225
020 _a9780205644223 (alk. paper)
020 _a0205644228 (alk. paper)
035 _a(OCoLC)ocn277205427
040 _aDLC
_cDLC
_dYDX
_dBTCTA
_dYDXCP
_dCDX
_dDLC
050 0 0 _aB 74
_b.W25 2011
082 0 0 _a100
100 1 _aWaller, Bruce N.,
_d1946-
245 1 0 _aConsider philosophy /
_cBruce N. Waller.
260 _aUpper Saddle River, NJ :
_bPrentice Hall/Pearson,
_c2011.
300 _ax, 494 pages ;
_c26 cm.
500 _aIncludes bibliographical references and index.
505 0 _aThinking critically and cordially about philosophy -- Philosophical questions about religion -- What can we know? -- Rationalism, empiricism, Kant -- Contemporary epistemology -- What is the mind? -- Personal identity -- Fatalism, determinism, and free will -- Is free will compatible with determinism? -- Are we morally responsible? -- Ethics : reason and emotion -- Ethical theories -- Are there objective ethical truths? -- Political philosophy.
650 0 _aPhilosophy
_vTextbooks.
906 _a7
_bcbc
_corignew
_d1
_eecip
_f20
_gy-gencatlg
942 _2lcc
_cBK
_kFOR
999 _c275386
_d275386